Chemistry (Record no. 586653)
[ view plain ]
| 000 -LEADER | |
|---|---|
| fixed length control field | 00513nam a22001697a 4500 |
| 020 ## - INTERNATIONAL STANDARD BOOK NUMBER | |
| International Standard Book Number | 978-1305957404 |
| 040 ## - CATALOGING SOURCE | |
| Transcribing agency | SCME |
| 082 ## - DEWEY DECIMAL CLASSIFICATION NUMBER | |
| Edition number | 10th |
| 100 ## - MAIN ENTRY--PERSONAL NAME | |
| Personal name | Steven S.Zumdahl, Donald J.DeCoste |
| 9 (RLIN) | 83665 |
| 245 ## - TITLE STATEMENT | |
| Title | Chemistry |
| 250 ## - EDITION STATEMENT | |
| Edition statement | 10th |
| 260 ## - PUBLICATION, DISTRIBUTION, ETC. | |
| Place of publication, distribution, etc. | USA |
| Name of publisher, distributor, etc. | Gengage |
| Date of publication, distribution, etc. | 2018 |
| 300 ## - PHYSICAL DESCRIPTION | |
| Extent | 900p. |
| 856 ## - ELECTRONIC LOCATION AND ACCESS | |
| Uniform Resource Identifier | <a href="http://10.250.8.41:8080/xmlui/handle/123456789/25450">http://10.250.8.41:8080/xmlui/handle/123456789/25450</a> |
| Link text | For 10th edition click here |
| 856 ## - ELECTRONIC LOCATION AND ACCESS | |
| Uniform Resource Identifier | <a href="http://10.250.8.41:8080/xmlui/handle/123456789/47039">http://10.250.8.41:8080/xmlui/handle/123456789/47039</a> |
| Link text | For 11th edition click here |
| 942 ## - ADDED ENTRY ELEMENTS (KOHA) | |
| Source of classification or shelving scheme | |
| Koha item type | Book |
| Withdrawn status | Lost status | Source of classification or shelving scheme | Damaged status | Not for loan | Permanent Location | Current Location | Shelving location | Date acquired | Total Checkouts | Total Renewals | Full call number | Barcode | Checked out | Date last seen | Date last checked out | Price effective from | Koha item type |
|---|---|---|---|---|---|---|---|---|---|---|---|---|---|---|---|---|---|
| School of Chemical & Materials Engineering (SCME) | School of Chemical & Materials Engineering (SCME) | Book Cart | 11/03/2021 | 3 | 2 | 540.1 D2961C | SCME-4813 | 05/28/2024 | 09/19/2023 | 09/19/2023 | 11/03/2021 | Book |
